MDQL
is popping MORE tags! Check the
thread
!
Quizzes
Events
Quiz Creation
Community
Videos
Private Events
Remove Ads
Sign In
Join for FREE
Feedback
Dark Mode
Quiz Categories
Sports
Geography
Music
Movies
Television
Just For Fun
Miscellaneous
History
Literature
Language
Science
Gaming
Entertainment
Religion
Holiday
For Kids
Quiz Lab
Recent
Popular Today
Quiz Kudos Today
Editor Picks
Curator Picks
Quizzes by...
Day
Popularity
Type
Ratings
Length
Year
Community
Subscriptions
Recent Discussions
Orange Saloon
Badges
Playlists
Quests
Create
Leaderboards
Showdown
Live 5
Trivia Bingo
Activity
Puzzle Library
Sporcle Events
Private Events
Virtual Trivia
Globe League
Become a Host
Pub Owners
SporcleCon
Opinionation
Our Games
Videos
Blog
Mobile Apps
Partnerships
Remove Ads and Go Orange
Feedback
Sports
Athletes
MLB
NBA
NHL
NFL
Soccer
Sports Teams
WWE
NCAA
Football
Premier League
Basketball
Baseball
Hockey
Golf
Tennis
Cricket
Rugby
Auto Racing
Olympics
World Cup
Sports
Athletes
MLB
NBA
NHL
NFL
Soccer
Sports Teams
WWE
NCAA
Football
Premier League
Basketball
Baseball
Hockey
Golf
Tennis
Cricket
Rugby
Auto Racing
Olympics
World Cup
Random Quiz
Search Sporcle
×
Quiz Lab
Quiz Lab
Sports
NBA
Type in answers that appear in a list
Type in answers that appear in a list
Classic
Best Score? Go Orange.
Les 5 meilleurs marqueurs NBA par saison depuis 21 ans Stats
Retrouvez les 5 meilleurs marqueurs NBA par saison depuis 20 ans?
By
FFLose
8m
105 Questions
11.6K Plays
11,645 Plays
11,645 Plays
Comments
Comments
Give Quiz Kudos
Give Quiz Kudos
-
- Ratings
hide this ad
Replay
Link that replays current quiz
Next Quiz
Link to next quiz in quiz playlist
You Got
0%
They Got
Avg Score
68%
Avg Friend Score
Upgrade to see
Score Distribution
Jump to the score distribution portion of the page
Score
0/105
Timer
08:00
1
Play Today
Ppg
Joueur
% Correct
2017/
2018
LeBron James
98.4%
2015/
2016
LeBron James
98.4%
2014/
2015
LeBron James
98.4%
2013/
2014
LeBron James
98.4%
2012/
2013
LeBron James
98.4%
2011/
2012
LeBron James
98.4%
2010/
2011
LeBron James
98.4%
2009/
2010
LeBron James
98.4%
2008/
2009
LeBron James
98.4%
2007/
2008
LeBron James
98.4%
2006/
2007
LeBron James
98.4%
2005/
2006
LeBron James
98.4%
2004/
2005
LeBron James
98.4%
2020/
2021
Stephen Curry
96.9%
2019/
2020
James Harden
95.5%
2018/
2019
James Harden
95.5%
2017/
2018
James Harden
95.5%
2016/
2017
James Harden
95.5%
2015/
2016
James Harden
95.5%
2014/
2015
James Harden
95.5%
2013/
2014
James Harden
95.5%
2012/
2013
James Harden
95.5%
2018/
2019
Stephen Curry
94%
2015/
2016
Stephen Curry
94%
2012/
2013
Kobe Bryant
93.4%
2011/
2012
Kobe Bryant
93.4%
2010/
2011
Kobe Bryant
93.4%
2009/
2010
Kobe Bryant
93.4%
2008/
2009
Kobe Bryant
93.4%
2007/
2008
Kobe Bryant
93.4%
2006/
2007
Kobe Bryant
93.4%
2005/
2006
Kobe Bryant
93.4%
2004/
2005
Kobe Bryant
93.4%
2003/
2004
Kobe Bryant
93.4%
2002/
2003
Kobe Bryant
93.4%
Ppg
Joueur
% Correct
2000/
2001
Kobe Bryant
93.4%
2015/
2016
Kevin Durant
89.7%
2013/
2014
Kevin Durant
89.7%
2012/
2013
Kevin Durant
89.7%
2011/
2012
Kevin Durant
89.7%
2010/
2011
Kevin Durant
89.7%
2009/
2010
Kevin Durant
89.7%
2016/
2017
Russell Westbrook
87.2%
2014/
2015
Russell Westbrook
87.2%
2011/
2012
Russell Westbrook
87.2%
2020/
2021
Giannis Antetokounmpo
80.6%
2002/
2003
Shaquille O'Neal
79.5%
2001/
2002
Shaquille O'Neal
79.5%
2000/
2001
Shaquille O'Neal
79.5%
2019/
2020
Giannis Antetokounmpo
76%
2018/
2019
Giannis Antetokounmpo
76%
2017/
2018
Giannis Antetokounmpo
76%
2020/
2021
Joel Embiid
75.8%
2001/
2002
Tim Duncan
74%
2010/
2011
Dwyane Wade
72.2%
2009/
2010
Dwyane Wade
72.2%
2008/
2009
Dwyane Wade
72.2%
2005/
2006
Dwyane Wade
72.2%
2017/
2018
Anthony Davis
72.1%
2016/
2017
Anthony Davis
72.1%
2014/
2015
Anthony Davis
72.1%
2020/
2021
Damian Lillard
66.1%
2007/
2008
Allen Iverson
64.8%
2005/
2006
Allen Iverson
64.8%
2004/
2005
Allen Iverson
64.8%
2002/
2003
Allen Iverson
64.8%
2001/
2002
Allen Iverson
64.8%
2000/
2001
Allen Iverson
64.8%
2013/
2014
Carmelo Anthony
62.4%
2012/
2013
Carmelo Anthony
62.4%
Ppg
Joueur
% Correct
2010/
2011
Carmelo Anthony
62.4%
2009/
2010
Carmelo Anthony
62.4%
2007/
2008
Carmelo Anthony
62.4%
2006/
2007
Carmelo Anthony
62.4%
2019/
2020
Damian Lillard
60.3%
2017/
2018
Damian Lillard
60.3%
2020/
2021
Bradley Beal
58.1%
2018/
2019
Paul George
57.4%
2008/
2009
Dirk Nowitzki
57.4%
2004/
2005
Dirk Nowitzki
57.4%
2003/
2004
Kevin Garnett
54.7%
2003/
2004
Paul Pierce
53.6%
2002/
2003
Paul Pierce
53.6%
2001/
2002
Paul Pierce
53.6%
2019/
2020
Bradley Beal
52.4%
2019/
2020
Trae Young
51%
2003/
2004
Tracy McGrady
45.7%
2002/
2003
Tracy McGrady
45.7%
2001/
2002
Tracy McGrady
45.7%
2018/
2019
Joel Embiid
42.5%
2000/
2001
Vince Carter
41.4%
2015/
2016
DeMarcus Cousins
31.8%
2014/
2015
DeMarcus Cousins
31.8%
2016/
2017
DeMar DeRozan
31.7%
2013/
2014
Kevin Love
29.4%
2011/
2012
Kevin Love
29.4%
2007/
2008
Amar'e Stoudemire
26.8%
2004/
2005
Amar'e Stoudemire
26.8%
2016/
2017
Isaiah Thomas
24.9%
2006/
2007
Gilbert Arenas
20%
2005/
2006
Gilbert Arenas
20%
2006/
2007
Michael Redd
7.6%
2003/
2004
Peja Stojaković
7.2%
2008/
2009
Danny Granger
6.4%
2000/
2001
Jerry Stackhouse
6.3%
Quiz Playlist
Details
Report
Send in Message
Add To Playlist
Classic:
Type in answers that appear in a list
Last Updated: Oct 18, 2021
Quiz Scoreboard
CHALLENGE
Sign Up to Join the Scoreboard
Show All
Scores
Hide
Comments
May contain spoilers
Recently Published
5x2 Blitz: Bands
by SL_Kpop136
Music
30s
Colored Red Africa Blitz
by spor1
Geography
30s
Find the 'City' Movie
by crazypaving
Movies
60s
More to Explore
Quiz From the Vault
Featured Blog Post
14 Easter Pick-up Lines to Find Eggs With
hide this ad
You Might Also Like...
Tags
NBA Quiz
les
Marque
Miller
ppg
saison
Today's Top Quizzes in Sports
Browse Sports
hide this ad
Today's Top Quizzes in NBA
Browse NBA
Top Contributed Quizzes in Sports
1
Les entraîneurs de l'OM et du PSG au 21e siècle
2
Les meilleurs buteurs des matchs entre le PSG et l’OM
3
Les joueurs passés par le PSG et l'OM
4
Players with Multiple 50 Home Run Seasons
5
2022 World Cup Stars
6
Criteria MLB: Left Handed Sluggers
7
NBA Logic Puzzle 2.0
8
MLB Players with Two .350 Batting Average Seasons
9
Top 10 NHL Goal Scorers of All Time
10
Les joueurs passés par le LOSC et le RC Lens
Explore More
Trending Topics
Kpop
Marvel
Anime
NBA
Disney
Crossword
Harry Potter
Puzzle
NFL
Song
Pokémon
Country
WWE
Soccer
The Office
hide this ad
More By:
FFLose
Quiz
Plays
Rating
Category
Featured
Created
Pays qui ont fait au moins une Coupe du Monde
138,956
5.00
Sports
Nov 15, 2022
Ils étaient dans le Car de Knysna
128,287
5.00
Sports
Jun 20, 2022
Les 30 de France 2010
71,215
5.00
Sports
May 6, 2020
Quels sont les joueurs à avoir au moins une sélection
57,988
4.25
Sports
Nov 12, 2020
Les 23 de l'Equipe de France au Mondial 2006
50,337
5.00
Sports
May 15, 2020
Go to Creator's Profile
Score Distribution
Quiz Creator Spotlight
FFLose
Follow
Send a Message
Quizzes Created
-
Created Quiz Play Count
-
More By This Creator
Popular Quizzes Today
1
Colored Red Africa Blitz
2
Find the US States - No Outlines Minefield
3
Find the 'City' Movie
4
5x2 Blitz: Bands
5
The Countries of the World
6
Find the US States
7
US States
8
Find the Countries of Europe - No Outlines Minefield
More Sports Quizzes
2000s Nets Top Scorers
Quiz Lab
Trending Quizzes
Colored Red Europe Blitz I
Colored Red Europe Blitz II
Colored Red Africa Blitz II
Colored Red Europe Blitz III
Colored Red Africa Blitz III
Recently Updated
How Do You Spell That?
pecheneg
Godzilla Movies
pecheneg
Grab Bag: 4-10 Letters
pecheneg
2024 March Madness Bracket
pecheneg
Famous TV Couples
Peacemaker
Champions League XIs: Real Madrid
pecheneg
Largest US Cities 1790-2010
pecheneg
Rides in Walt Disney World
pecheneg
Most Oscar Losses (Acting)
pecheneg
Beyoncé Albums
pecheneg
Trending Topics
Harry Potter
Crossword
Kpop
Anime
NBA
Disney
Marvel
Pokémon
WWE
Soccer
Puzzle
Country
The Office
NFL
Song
Your Account Isn't Verified!
In order to create a playlist on Sporcle, you need to verify the email address you used during registration. Go to your
Sporcle Settings
to finish the process.
Report this User
Report this user for behavior that violates our
Community Guidelines
.
Details:
Send Report
Go to the Sporcle.com Mobile Site →
Comments